• 首页
  • 本馆介绍
  • 公告通知
  • 最新文献
  • 馆藏检索
  • 电子资源
  • 读者导购
  • 参考咨询
  • 我的图书馆
  • 登录
  • 详细信息显示
  • 放入我的书架
  • 预约/预借图书
  • 作者相关作品
  • 分类相关作品
  • 丛书相关作品
  • 出版社相关作品

书目信息

  • 表格格式
  • 工作单格式
  • 卡片格式
题名:
中古中国的都市与社会
    
 
作者: 夏炎 主编
分册: 一  
出版信息: 上海   中西书局  2019
页数: 314页
开本: 24cm
丛书名:
单 册:
中图分类: K240.7-53 , K240.7
科图分类:
主题词: 中国历史--中古史--研究
电子资源:
ISBN: 978-7-5475-1617-1
000 01020nam0 2200241 450
001 2353630546
005 20231104145420.22
010    @a978-7-5475-1617-1@dCNY72.00
100    @a20200116d2019 em y0chiy50 ea
101 0  @achi
102    @aCN@b310000
105    @aab z 000yy
200 1  @a中古中国的都市与社会@9zhong gu zhong guo de du shi yu she hui@h一@e南开中古社会史工作坊系列文集@f夏炎主编
210    @a上海@c中西书局@d2019
215    @a314页@c图,地图@d24cm
300    @a教育部人文社会科学研究重点研究基地南开大学中国社会史研究中心资助 中央高校基本科研业务费专项资金资助
330    @a本书主要围绕中古时期中国的都市生活、城市规划、社会文化进行专题讨论,收入中、日相关学者如甘怀真、张学锋、妹尾达彦等专家的研究10余篇,从考古、历史等不同专业出发,揭示了魏晋南北朝隋唐时期都市社会的不同面相。
606 0  @a中国历史@x中古史@x研究
690    @aK240.7-53@v5
690    @aK240.7@v4
701  0 @a夏炎@9xia yan@f(1976-)@4主编
801  0 @aCN@b大连网信软件有限公司图书馆·11@c20231104
905    @aBZT@dK240.7@e5:1
    
    中古中国的都市与社会.一:南开中古社会史工作坊系列文集/夏炎主编.-上海:中西书局,2019
    314页:图,地图;24cm
    教育部人文社会科学研究重点研究基地南开大学中国社会史研究中心资助 中央高校基本科研业务费专项资金资助
    
    ISBN 978-7-5475-1617-1:CNY72.00
    本书主要围绕中古时期中国的都市生活、城市规划、社会文化进行专题讨论,收入中、日相关学者如甘怀真、张学锋、妹尾达彦等专家的研究10余篇,从考古、历史等不同专业出发,揭示了魏晋南北朝隋唐时期都市社会的不同面相。
●
相关链接 在五车中查询图书 在当当中查询图书 在豆瓣中查询图书


正题名:中古中国的都市与社会     索取号:K240.7/5:1         预约/预借

序号 登录号 条形码 馆藏地/架位号 状态 备注
1 2000946938   2000946938   第四书库/四34架A面6层5列/ [索取号:K240.7/5:1] 在馆    
2 2000946939   2000946939   第四书库/四34架A面6层5列/ [索取号:K240.7/5:1] 在馆    
3 2000946940   2000946940   第四书库/四34架A面6层5列/ [索取号:K240.7/5:1] 在馆    
4 2000946941   2000946941   第四书库/四34架A面6层5列/ [索取号:K240.7/5:1] 在馆    
5 2000946942   2000946942   第四书库/四34架A面6层5列/ [索取号:K240.7/5:1] 在馆    
6 2000946943   2000946943   第四书库/四34架A面6层5列/ [索取号:K240.7/5:1] 在馆    
山东省滨州职业学院图书馆 欢迎您!
大连网信软件有限公司© 版权所有